000 00692nam a2200229 i 4500
001 bg
100 1 _aLeopold, Antoni
_d( -2009).
245 1 0 _aRolnictwo w procesie przemian i rozwoju gospodarki /
_cAntoni Leopold ; Fundacja Edukacyjna Przedsiębiorczości.
260 _aWarszawa :
_bWydawnictwo Naukowe PWN,
_c1997.
300 _a155, [1] s. ;
_c21 cm.
490 1 _aPrzedsiębiorczość
650 9 _aRolnictwo
_xpolityka
_zPolska
_yod 1989 r.
830 0 _aPrzedsiębiorczość - PWN
020 _a8301124105
040 _cBPK
041 0 _apl
044 _aPOL
080 _a338.43(438)
920 _a83-01-12410-5
942 _cKS
008 110411s1997 pl a |000 0 pol
999 _c49670
_d49670
856 _uhttp://koha.tu.koszalin.pl/cgi-bin/koha/opac-detail.pl?biblionumber=49670
_yKatalog online BPK